000
00316nam a22001457a 4500
003
SGT
020
_a
9789339204310
082
_a
541.3
_b
KAP
100
_a
KAPOOR K.L
245
_a
A TEXTBOOK OF PHYSICAL CHEMISTRY VOL-V
250
_a
3RD
260
_b
MC GRAW HILL
_c
2017
300
_a
546
942
_2
ddc
_c
BK
_0
29
999
_c
16417
_d
16417